00308nam a2200109Ia 4500008004000000082001300040100001800053245004100071260005500112300000800167650002300175210210b1966 xxu||||| |||| 00| 0 eng d a741 KNIT aKNIGHT (S A). aTeach yourself drawing and painting. aLondon.bThe English Universities Press Ltd.c1966 a119 aDrawing Painting